LIBRARY & INFORMATION CENTRE, KCAET, TAVANUR

ONLINE PUBLIC ACCESS CATALOGUE (OPAC)

Foundations of physical education / (Record no. 4743)

MARC details
000 -LEADER
fixed length control field 00457cam a2200181ua 4500
003 - CONTROL NUMBER IDENTIFIER
control field OSt
008 - FIXED-LENGTH DATA ELEMENTS--GENERAL INFORMATION
fixed length control field 240321b |||||||| |||| 00| 0 eng d
041 ## - LANGUAGE CODE
Language code of text/sound track or separate title eng
082 ## - DEWEY DECIMAL CLASSIFICATION NUMBER
Classification number 796.07
Item number HOW/FO
100 ## - MAIN ENTRY--AUTHOR NAME
Personal name Howell, Root .
245 ## - TITLE STATEMENT
Title Foundations of physical education /
250 ## - EDITION STATEMENT
Edition statement 1 /
260 ## - PUBLICATION, DISTRIBUTION, ETC. (IMPRINT)
Place of publication :
Name of publisher Friends publications ,
Year of publication 1994.
300 ## - PHYSICAL DESCRIPTION
Number of Pages 339 ; .
700 1# - ADDED ENTRY--PERSONAL NAME
Personal name Howell, Maxwell .
700 1# - ADDED ENTRY--PERSONAL NAME
Personal name Uppal, A K .
942 ## - ADDED ENTRY ELEMENTS (KOHA)
Koha item type Books
Holdings
Withdrawn status Lost status Damaged status Home library Current library Date acquired Full call number Accession Number Koha item type
      KAUAET KAUAET 07/04/2012 796.07 SHA/ES 19390 Books
free website counter